Farvens Krop/ (Record no. 2323)

MARC details
000 -LEADER
campo de control de longitud fija 00492nam a22001817a 4500
003 - IDENTIFICADOR DE NÚMERO DE CONTROL
campo de control OSt
005 - FECHA Y HORA DE LA ÚLTIMA TRANSACCIÓN
campo de control 20221014152237.0
008 - DATOS DE LONGITUD FIJA--INFORMACIÓN GENERAL
campo de control de longitud fija 221012b |||||||| |||| 00| 0 eng d
020 ## - NÚMERO INTERNACIONAL ESTÁNDAR DEL LIBRO
Número Internacional Estándar del Libro 87-7766-074-9
040 ## - FUENTE DE CATALOGACIÓN
Centro/agencia transcriptor Biblioteca Lado V
082 ## - NÚMERO DE LA CLASIFICACIÓN DECIMAL DEWEY
Número de clasificación 750
Número de ítem B959f
100 ## - ENTRADA PRINCIPAL--NOMBRE DE PERSONA
9 (RLIN) 185
Nombre de persona Burkard, Lene
Término indicativo de función/relación curador
245 ## - MENCIÓN DEL TÍTULO
Título Farvens Krop/
260 ## - PUBLICACIÓN, DISTRIBUCIÓN, ETC.
Fecha de publicación, distribución, etc. 1998
Lugar de publicación, distribución, etc. Dinamarca
Nombre del editor, distribuidor, etc. Brandts Klaedefabrik
300 ## - DESCRIPCIÓN FÍSICA
Extensión 64p.
Dimensiones 18x24cm
490 ## - MENCIÓN DE SERIE
Designación de volumen o secuencia volumen I
942 ## - ELEMENTOS DE ENTRADA SECUNDARIOS (KOHA)
Fuente del sistema de clasificación o colocación Clasificación Decimal Dewey
Tipo de ítem Koha Libros
Parte de la signatura que corresponde a la clasificación (Parte de la clasificación) 750
Parte de la signatura que identifica el ejemplar (Parte del ítem) B959f
Suprimir en OPAC No
Holdings
Estatus retirado Estado de pérdida Fuente del sistema de clasificación o colocación Estado de daño No para préstamo Biblioteca de origen Biblioteca actual Fecha de adquisición Número de inventario Total de préstamos Signatura topográfica completa Código de barras Visto por última vez Precio de reemplazo Tipo de ítem Koha
    Clasificación Decimal Dewey     Biblioteca LadoV Biblioteca LadoV 14/10/2022 001463   750 B959f 001463 14/10/2022 14/10/2022 Libros